| 000 | 00914nam a2200301Ia 4500 | ||
|---|---|---|---|
| 003 | OSt | ||
| 005 | 20250812095655.0 | ||
| 008 | 210210b2016 xxu||||| |||| 00| 0 eng d | ||
| 040 | _cAL | ||
| 041 | _akan | ||
| 082 | _aK894.301 VASV | ||
| 100 |
_aVASUDEVAN NAYAR _9167303 _dವಾಸುದೇವನ್ ನಾಯರ್ |
||
| 245 |
_aVasudevan nayar kathaguchcha _bವಾಸುದೇವನ್ ನಾಯರ್ ಕಥಾಗುಚ್ಛ |
||
| 260 |
_aBengaluru _bHemanta Sahitya _c2016 |
||
| 300 | _aix,142 | ||
| 650 |
_aVasudevan _9167304 |
||
| 650 |
_aTr _9167305 |
||
| 650 |
_aParvati _9167306 |
||
| 650 |
_anayar _9167307 |
||
| 650 |
_akathaguchcha _9167308 |
||
| 650 |
_aJi _9167309 |
||
| 650 |
_aby _9167310 |
||
| 650 |
_aAital _9167311 |
||
| 690 |
_aKannada Fiction _9167312 |
||
| 700 |
_aParvati G Aital _dಪಾರ್ವತಿ ಜಿ ಐತಾಳ್ _9235057 |
||
| 906 | _a072364 | ||
| 942 |
_2ddc _cBK |
||
| 999 |
_c122275 _d122275 |
||